000
00350nam a2200157Ia 4500
008
210210b1928 xxu||||| |||| 00| 0 eng d
041
_a
eng
082
_a
940/51
100
_a
DAVIS (H W C)
245
_a
Medieval Europe
260
_a
London
_b
-
_c
1928
650
_a
Medieval
650
_a
Europe
690
_a
European History
906
_a
025121
999
_c
150970
_d
150970